000 00622nam a2200193 a 4500
001 000047174
005 20201002053423.0
008 180418s2017 dr a 000 0 spa d
020 _a9789945124231
082 _axxx
_bS939f, 1ro., 2017
100 1 _aSuárez, Manuel Ángel
_974910
245 1 0 _aFormación integral, humana y religiosa 1 :
_bsecundaria /
_cSuárez, Manuel Ángel.
260 _aSanto Domingo :
_bSusaeta,
_c2017.
300 _a104 p. :
_bil. ;
_c29 cm.
500 _aBibliografía: p.104
500 _aEnfoque por competencias. Nuevo currículo
590 _aInventariado, 2018/MFF
999 _c46662
_d46662
040 _aDO-SdBNP